|
|
|
|
| LEADER |
00956nam a2200241 a 4500 |
| 001 |
2369180 |
| 008 |
091008s1985 maua b 001 0 eng d |
| 010 |
|
|
|a 84020101
|
| 020 |
|
|
|a 0316098914
|
| 040 |
|
|
|a DLC
|c DLC
|d DLC
|
| 082 |
0 |
0 |
|a 371.9
|2 19
|
| 245 |
0 |
3 |
|a An Introduction to special education /
|c William H. Berdine, A. Edward Blackhurst, editors.
|
| 250 |
|
|
|a 2nd ed.
|
| 260 |
|
|
|a Boston :
|b Little, Brown,
|c c1985.
|
| 300 |
|
|
|a xvi, 743 p. :
|b ill. ;
|c 24 cm.
|
| 504 |
|
|
|a Includes Bibliography (p. 697-729.) and index.
|
| 541 |
1 |
|
|e 00005116
|
| 650 |
|
0 |
|a Children with disabilities
|x Education.
|
| 700 |
1 |
|
|a Berdine, William H.
|
| 700 |
1 |
|
|a Blackhurst, A. Edward.
|
| 852 |
4 |
|
|a Ayesha Abed Library
|j General shelf
|
| 999 |
|
|
|c 4398
|d 4398
|
| 952 |
|
|
|0 0
|1 0
|2 ddc
|4 0
|6 371_900000000000000_INT_1985
|7 0
|9 4098
|a BRACUL
|b BRACUL
|c GEN
|d 2009-10-11
|g 0.00
|l 1
|m 9
|o 371.9 INT
|p 3010005116
|r 2016-12-08
|s 2016-10-20
|t 1
|w 2009-10-11
|y BK
|x No price found in the accession register.
|